| Tag |
First Indicator |
Second Indicator |
Subfields |
| LEADER |
00000pam a2200000 a 4500 |
| 001 |
in00000387521 |
| 005 |
20151011105942.0 |
| 008 |
820609s1983 maua b 00100 eng |
| 010 |
|
|
|a 82011752
|
| 020 |
|
|
|a 0816190453
|
| 035 |
|
|
|a (OCoLC)08554143
|
| 035 |
|
|
|9 ABR5807AM
|
| 039 |
0 |
|
|a 2
|b 3
|c 3
|d 3
|e 3
|
| 040 |
|
|
|a DLC
|c DLC
|d TXA
|d UtOrBLW
|
| 043 |
|
|
|a n-us---
|
| 049 |
|
|
|a TXAM
|c [1274698]
|
| 050 |
0 |
0 |
|a NK839.3.A35
|b A35 1983
|
| 082 |
0 |
|
|a 745/.08996073
|2 19
|
| 245 |
0 |
0 |
|a Afro-American folk art and crafts /
|c edited by William Ferris.
|
| 264 |
|
1 |
|a Boston, Mass. :
|b G.K. Hall,
|c [1983]
|
| 264 |
|
4 |
|c ©1983
|
| 300 |
|
|
|a 436 pages :
|b illustrations ;
|c 25 cm.
|
| 336 |
|
|
|a text
|b txt
|2 rdacontent
|
| 337 |
|
|
|a unmediated
|b n
|2 rdamedia
|
| 338 |
|
|
|a volume
|b nc
|2 rdacarrier
|
| 490 |
1 |
|
|a Perspectives on the Black world
|
| 504 |
|
|
|a Includes bibliographies and index.
|
| 504 |
|
|
|a Filmography: pages 419-426.
|
| 650 |
|
0 |
|a African American folk art.
|
| 650 |
|
0 |
|a African American decorative arts.
|
| 700 |
1 |
|
|a Ferris, William R.
|
| 830 |
|
0 |
|a Perspectives on the Black world.
|
| 999 |
|
|
|a MARS
|
| 999 |
f |
f |
|s 320b3ed1-d1c3-31c1-b87a-66173931eace
|i ef4e069d-7abc-3092-87da-974ce1a68d27
|t 0
|
| 952 |
f |
f |
|p normal
|a Texas A&M University
|b College Station
|c Sterling C. Evans Library
|d Evans: Library Stacks
|t 0
|e NK839.3.A35 A35 1983
|h Library of Congress classification
|i unmediated -- volume
|m A14807630099
|
| 998 |
f |
f |
|a NK839.3.A35 A35 1983
|t 0
|l Evans: Library Stacks
|